| 000 | 00678nam a2200169 4500 | ||
|---|---|---|---|
| 008 | b xx# ara u | ||
| 040 | _aLB-BrCRDP | ||
| 082 | _a379/P157t | ||
| 100 | 1 | _a.فلسطين. وزارة التربية والتعليم | |
| 130 | 1 | _lAR | |
| 245 | 1 | 0 |
_a.التعليم للجميع خلال مرحلتين _bالتقرير الوطني الفلسطيني _cوزارة التربية والتعليم الفلسطينية |
| 260 |
_a[.د.م]: _bوزارة التربية والتعليم _c2000 |
||
| 300 |
_a148 ص. : _bجداول ؛ _c28 سم. |
||
| 650 |
_aالتعليم _xفلسطين |
||
| 942 | _cBK | ||
| 999 |
_c15118 _d15118 |
||